000 01477nam0a2200301 4500
001 RU\NLR\BIBL_A\011396539
005 20241103052026.0
010 _a9785817003437
_9500
021 _aRU
_b2017-33121
_92433
035 _a(RuMoRGB)008878036
035 _a(NLR Aleph) 011396539
090 _a11482445
_c11482445
100 _a20170531d2017 k y0rusy50 ca
101 0 _arus
102 _aRU
105 _ay|||z 000zy
200 1 _aСоциокультурные основания гуманитарной экспертизы
_eмонография
_fА. А. Цыцарев
_gМинобрнауки России, Федеральное государственное бюджетное образовательное учреждение высшего образования "Приамурский государственный университет имени Шолом-Алейхема"
210 _aБиробиджан
_cПГУ
_d2017
215 _a93 с.
_d21
320 _aБиблиогр.: с. 81-93 (200 назв.) и в подстроч. примеч.
606 _aЭволюция техногенная
_92109027
_3RU\NLR\AUTH\661274768
606 1 _aНаучное предвидение общественного развития
_91712180
_3RU\NLR\AUTH\66763237
686 1 _aС550.10
686 1 _aС550.373.11
700 1 _aЦыцарев
_bА. А.
_gАндрей Александрович
942 _cBOOK
980 _aNBR